000 01789nam a2200481 a 4500
001 22018
003 VRT
005 20260317154739.0
008 240315s2008 xo a b 000 f slo
015 _aSNBA2009/03-01154
020 _a9788089242962
_q(viaz.)
035 _a5953F69C-FA27-4CB1-84EA-254FB7930531
035 _aurn:nbn:sk:snk-amjvv8
035 _aurn:nbn:sk:snk-am0084j1
039 9 _a202407231122
_bAUTHORITY
_c202407231103
_dAUTHORITY
_c202403151716
_dVLOAD
_c202403131542
_dAUTHORITY
040 _aSNK
_bslo
_cSNK
_eAACR2
041 1 _aslo
_hund
044 _axo
_cSK
072 7 _a821-93
_xLiteratúra pre deti a mládež
_2konspekt
080 _a821-34
_22001
080 _a821-93
_22001
080 _a(082.21)
_22001
100 1 _aSójka, Anna
_4aut
245 1 0 _aVeľká kniha rozprávok
_cHans Christian Andersen ... [et al.] ; ilustrácie: Aleksander Karcz, Zbigniew Seweryn ; text: Anna Sójka, Jarosław Sokół ; text preložila: Marianna Mináriková ; verše preložil: Marián Minárik]
250 _a[1. slov. vyd.]
260 _aBratislava
_bSlovart Print
_cc2008
300 _a288 s.
_bfareb. ilustr.
_c30 cm
655 7 _arozprávky
_2SNKPH
655 7 _apublikácie pre deti
_2SNKPH
655 7 _avýbery
_2SNKPH
700 1 _aAndersen, Hans Christian,
_d1805-1875
_4aut
700 1 _aSokół, Jarosław
_4aut
700 1 _aKarcz, Aleksander
_4ill
700 1 _aSeweryn, Zbigniew
_4ill
700 1 _aMináriková, Marianna,
_d1930-2012
_4trl
700 1 _aMinárik, Marián
_4trl
942 _2ddc
_cKLDE
_n0
949 _6273K0503518
_asvkpoC 49382
_bsvkpo512680
949 _617A0612085
_asnkSB 77300
_bsnk2009/2550
_o43/09
_s6100:20140925
949 _617A0612086
_asnkSB 77300 D1
_bsnk2009/2551
_o43/09
980 _a821(100)-34
980 _a821-93
999 _c22018
_d22018